Foreign policy options (Record no. 54443)

000 -LEADER
fixed length control field 00937pab a2200157 454500
008 - FIXED-LENGTH DATA ELEMENTS--GENERAL INFORMATION
fixed length control field 180718b2002 xxu||||| |||| 00| 0 eng d
100 ## - MAIN ENTRY--PERSONAL NAME
Personal name Grare, Frederic
245 ## - TITLE STATEMENT
Title Foreign policy options
260 ## - PUBLICATION, DISTRIBUTION, ETC.
Date of publication, distribution, etc. 2002
300 ## - PHYSICAL DESCRIPTION
Extent p.4568-571.
362 ## - DATES OF PUBLICATION AND/OR SEQUENTIAL DESIGNATION
Dates of publication and/or sequential designation 2 Nov
520 ## - SUMMARY, ETC.
Summary, etc. Events in the past year, while making Pakistan a frontline ally in the `War against Terror' have had a dramatic impact on its foreign policy. The changing situation in Afghanistan has had repercussions on the domestic political set-up, with hardline Islamic elements increasingly critical of Musharraf's seeming capitulation on the Afghan as well as Kashmir issues. While the army remains a predominant force in the nation's polity, the unfolding domestic balance of power will very likely have a key impact in redefining Pakistani foreign policy. - Reproduced.
650 ## - SUBJECT ADDED ENTRY--TOPICAL TERM
Topical term or geographic name entry element International relations
773 ## - HOST ITEM ENTRY
Main entry heading Economic and Political Weekly
909 ## -
-- 54443
Holdings
Withdrawn status Lost status Damaged status Not for loan Permanent Location Current Location Date acquired Serial Enumeration / chronology Barcode Date last seen Price effective from Koha item type
        Indian Institute of Public Administration Indian Institute of Public Administration 2018-07-19 Volume no: 37, Issue no: (44-45) AR54888 2018-07-19 2018-07-19 Articles

Powered by Koha